• 首页
  • 本馆介绍
  • 公告通知
  • 最新文献
  • 馆藏检索
  • 电子资源
  • 读者导购
  • 参考咨询
  • 我的图书馆
  • 登录
  • 详细信息显示
  • 放入我的书架
  • 预约/预借图书
  • 作者相关作品
  • 分类相关作品
  • 丛书相关作品
  • 出版社相关作品

书目信息

  • 表格格式
  • 工作单格式
  • 卡片格式
题名:
精神的分裂
    
 
作者: 尚杰 著
分册:  
出版信息: 上海   同济大学出版社  2006
页数: 338页
开本: 21cm
丛书名: 同济·法兰西文化丛书
单 册:
中图分类: B089 , B565.59 , B089
科图分类:
主题词: 哲学思想 , 解构主义 , 哲学学派 , 哲学学派--研究
电子资源:
ISBN: 7-5608-3247-4
000 01266oam2 2200373 450
001 1266121375
005 20120929182358.92
010    @a7-5608-3247-4@dCNY21.00
100    @a20060426d2006 em y0chiy50 ea
101 0  @achi
102    @aCN@b310000
105    @ay z 000yy
106    @ar
200 1  @a精神的分裂@e与老年德里达谈话@f尚杰著@Ajing shen de fen lie
210    @a上海@c同济大学出版社@d2006
215    @a338页@d21cm
225 2  @a同济·法兰西文化丛书
308    @a丛书第三辑
330    @a本书作者以一种与晚年德里达进行虚拟对话的形式,深入解析了德里达的解构主义思想,从哲学到文学,从语言学到法学,可谓一本分析解读德里达思想的力作。
461  0 @1001002852640
512 1  @a精神的分裂@e与老年德里达对话@Ajing shen de fen lie
517 1  @a与老年德里达谈话@Ayu lao nian de li da tan hua
600  0 @a德里达@c(Derrida, Jacques@f1930-)@x解构主义@x哲学思想@x研究
600  0 @a德里达@c(Derrida, Jacques@f1930-)
606 0  @a哲学思想
606 0  @a解构主义
606 0  @a哲学学派
606 0  @a哲学学派@x研究
690    @aB089@v4
690    @aB565.59@v4
690    @aB089@v4
701  0 @a尚杰@f(1955.9~)@4著@Ashang jie
801  0 @aCN@b大连网信软件有限公司图书馆·11@c20120929
905    @a10447@dB089@eJY82
    
    精神的分裂:与老年德里达谈话/尚杰著.-上海:同济大学出版社,2006
    338页;21cm .-(同济·法兰西文化丛书 )
    
    
    ISBN 7-5608-3247-4:CNY21.00
    本书作者以一种与晚年德里达进行虚拟对话的形式,深入解析了德里达的解构主义思想,从哲学到文学,从语言学到法学,可谓一本分析解读德里达思想的力作。
●
相关链接 在E读中查询图书 在五车中查询图书 在当当中查询图书 在豆瓣中查询图书


正题名:精神的分裂     索取号:B089/JY82         预约/预借

序号 登录号 条形码 馆藏地/架位号 状态 备注
1 7809642   278096427   学院路分馆/ [索取号:B089/JY82] 在馆    
2 7809643   278096436   学院路分馆/ [索取号:B089/JY82] 在馆    
唐山师范学院图书馆 欢迎您!
大连网信软件有限公司© 版权所有